New figures for business rates (Record no. 117762)

MARC details
000 -LEADER
fixed length control field 01154cam a2200229 4500
001 - CONTROL NUMBER
control field WB@3612-692
008 - FIXED-LENGTH DATA ELEMENTS--GENERAL INFORMATION
fixed length control field 040722n2004 000 0 eng u
035 ## - SYSTEM CONTROL NUMBER
System control number (Sirsi) u126914
245 ## - TITLE STATEMENT
Title New figures for business rates
260 ## - PUBLICATION, DISTRIBUTION, ETC.
Date of publication, distribution, etc. 2004
490 ## - SERIES STATEMENT
Series statement ODPM News Release
Volume/sequential designation (2004/0173) (3)
520 ## - SUMMARY, ETC.
Summary, etc. According to new government figures that have been published for business rates, up to 60% of businesses could see a fall in their relative rateable values - and in their rates bills - under the 2005 rates revaluation. The figures show the overall rateable value for non-domestic properties in England will increase by 17.9%, but will not mean a corresponding increase in rates bills. The new figures break down the effects of the 2005 revaluation by region and by property types. They are available at: http://www.odpm.gov.uk/. http://www.odpm.gov.uk/pns/DisplayPN.cgi?pn_id=200 4_0173
590 ## - LOCAL NOTE (RLIN)
Local note WB
590 ## - LOCAL NOTE (RLIN)
Local note WB
650 ## - SUBJECT ADDED ENTRY--TOPICAL TERM
Topical term or geographic name entry element BUSINESS RATES
650 ## - SUBJECT ADDED ENTRY--TOPICAL TERM
Topical term or geographic name entry element REVALUATION
650 ## - SUBJECT ADDED ENTRY--TOPICAL TERM
Topical term or geographic name entry element RATING REVALUATION 2005
650 ## - SUBJECT ADDED ENTRY--TOPICAL TERM
Topical term or geographic name entry element LOCAL GOVERNMENT ACT 2003
650 ## - SUBJECT ADDED ENTRY--TOPICAL TERM
Topical term or geographic name entry element STATISITCS
690 ## - LOCAL SUBJECT ADDED ENTRY--TOPICAL TERM (OCLC, RLIN)
Topical term or geographic name as entry element RATING AND LOCAL TAXATION
942 ## - ADDED ENTRY ELEMENTS (KOHA)
Suppress in OPAC 0
Holdings
Withdrawn status Lost status Source of classification or shelving scheme Damaged status Not for loan Home library Current library Shelving location Date acquired Total Checkouts Full call number Barcode Date last seen Copy number Price effective from Koha item type
    Dewey Decimal Classification     London London News article 22/07/2004   WB4028-18 126914-1001 06/08/2019 1 06/08/2019 News article